|
|
|
|
| LEADER |
00764nam a2200277 4500 |
| 001 |
DLU090103473 |
| 040 |
# |
# |
|a DLU
|b vie
|
| 041 |
# |
# |
|a vie
|
| 044 |
# |
# |
|a vn
|
| 100 |
# |
# |
|a Patricia K. Lane
|
| 245 |
# |
# |
|a Đường lối của Mỹ đối với Đông Dương 1940-1945 /
|c Patricia K. Lane
|
| 653 |
# |
# |
|a Đông Dương
|
| 653 |
# |
# |
|a Chiến tranh
|
| 653 |
# |
# |
|a Kháng chiến chống Pháp
|
| 773 |
# |
# |
|t Xưa và nay
|g Số 221, 2004, tr.24-27
|
| 920 |
# |
# |
|a Phòng Tạp chí -- Trung tâm Thông tin - Thư viện Trường Đại học Đà Lạt
|
| 933 |
# |
# |
|a CT, TN
|
| 994 |
# |
# |
|a DLU
|
| 900 |
# |
# |
|a True
|
| 911 |
# |
# |
|a Nguyễn Thị Yên
|
| 925 |
# |
# |
|a G
|
| 926 |
# |
# |
|a A
|
| 927 |
# |
# |
|a BB
|
| 980 |
# |
# |
|a Thư viện Trường Đại học Đà Lạt
|